Регионална библиотека "Любен Каравелов" - Русе

Приказки за Хитър Петър (Запис номер 432698)

MARC детайли
000 -Лидер
Контролно поле с фиксирана дължина 01244nam a2200289 c 4500
003 - Код на организацията, давaща контролен номер
Контролно поле BLK
005 - Дата и час на последна редакция
Контролно поле 20240601131510.0
008 - Елементи от данни с фиксирана дължина
fixed length control field 180410b bul|||||r ||||||| ||bul||
010 ## - Наследен системен номер
LC control number KNG00170130000
020 ## - Международен стандартен номер на книга ISBN
Международен стандартен номер на книга ISBN 9786191810178
040 ## - Източник на каталожния запис
Идентификатор на билиотеката - собственик на записа BLK
041 ## - Код за език
Код за езика на текст/звукозапис или на отделно заглавие Български
Код за езика КДБФ Български
072 #7 - Код за тематичната категория
Код организация bullib
Код за тематична категория Н85
Текст Детска художествена литература Н
080 ## - УДК
Текстов определител УДК Българска литература
УДК код - определител по УДК 821.163.2
УДК определител -93-312.9
УДК - код + определител 821.163.2-93-312.9
139 ## - Редно поле
Редна дума Приказки за Хитър Петър
Авторски знак При - П 87
245 10 - Сведения за заглавието
Заглавие Приказки за Хитър Петър
Редно поле (дума) Галина Златина
257 ## - Страна на издаване
Страна на създаване/издаване България
260 ## - Област на издателските данни
Име на издателя, разпространителя и проч. Златното пате
Година на издаване 2014
Място на издаване, разпространение и проч. София
300 ## - Физическа характеристика
Страници 128 с.
Илюстрации и др. с ил.
Размери/Мащаб 24 см
380 ## - Жанр
Жанр Детска худож. лит.
490 ## - СЕРИИ (Колекции)
Име на серия Избрана класика за ученика
№: серия 17
9 (RLIN) 207764
700 ## - Други автори (авторска отговорност)
Лично име Златарева, Галина Йорданова
Автороска отговорност (Описва отношението между автора и произведението) адапт.
9 (RLIN) 421
Друга информация Галина Златина - псевд. на Галина Йорданова Златарева. Изнасяме в редно поле Златарева, Галина Йорданова
999 ## - СИСТЕМНИ КОНТРОЛНИ НОМЕРА
Koha biblionumber 432698
Koha biblioitemnumber 432698
942 ## - АРТИКУЛИ
Вид на библиотечния материал Книги
Скрит в OPAC Не
Периодичен библиозапис Да
Koha issues (borrowed), all copies 5
944 ## - СЪЗДАВАНЕ И РЕДАКЦИЯ на ЗАПИСА
Създаване/Редакция Създаване
Дата на регистрацията/редакция 2021-09-24
Служител, извършил регистрацията/редакцията 30542
Статус, дата на статуса Русанова Ирена
999 ## - СИСТЕМНИ КОНТРОЛНИ НОМЕРА
Koha biblioitemnumber 432698
999 ## - СИСТЕМНИ КОНТРОЛНИ НОМЕРА
Koha biblioitemnumber 432698
Наличности
Код за отписване Код за изгубен артикул Източник на класификационната схема Код за повреда Коз за рестрикции Код за отдаване Артикулен № Име на библиотеката - собственик Име на библиотеката, в която се намира в момента Статус (Текущо местоположение) Дата на вписване в системата Местоположение - отдел Цена в лева Систематично азбучна сигнатура Баркод Цена в евро Служебен тип на артикула
  Не е изгубен Universal Decimal Classification Не е повреден без рестрикции заемане за дома 856035 Регионална библиотека "Любен Каравелов" Русе Регионална библиотека "Любен Каравелов" Русе Детски отдел 2021-09-28 Детски отдел 5.49 821.163.2-93/П 87 120000859851 2.81 Книги
  Не е изгубен Universal Decimal Classification Не е повреден само за читалня ползва се в читалня 907153 Регионална библиотека "Любен Каравелов" Русе Регионална библиотека "Любен Каравелов" Русе Хранилище 2022-10-10 Основен фонд - ползва се само за читалня 5.49 Цб 314841 120000878304 2.81 Книги
Vip Innovations Ltd, Rousse, Bulgaria 2025